Clouds / (Record no. 1397)

MARC details
000 -LEADER
fixed length control field 01003cam a22003014a 4500
005 - DATE AND TIME OF LATEST TRANSACTION
control field 20230823150017.0
020 ## - INTERNATIONAL STANDARD BOOK NUMBER
International Standard Book Number 0689854412 (pbk.)
020 ## - INTERNATIONAL STANDARD BOOK NUMBER
International Standard Book Number 0689854404 (library ed.)
040 ## - CATALOGING SOURCE
Original cataloging agency DLC
Transcribing agency DLC
Modifying agency DLC
Language of cataloging eng
050 00 - LIBRARY OF CONGRESS CALL NUMBER
Classification number QC921.35
Item number .B38 2004
082 00 - DEWEY DECIMAL CLASSIFICATION NUMBER
Classification number 551.57/6
Edition number 21
100 1# - MAIN ENTRY--PERSONAL NAME
Personal name Bauer, Marion Dane.
245 10 - TITLE STATEMENT
Title Clouds /
Statement of responsibility, etc. written by Marion Dane Bauer ; illustrated by John Wallace.
250 ## - EDITION STATEMENT
Edition statement First Scholastic printing, February 2005
260 ## - PUBLICATION, DISTRIBUTION, ETC.
Place of publication, distribution, etc. New York :
Name of publisher, distributor, etc. Scholastic,
Date of publication, distribution, etc. 2004.
300 ## - PHYSICAL DESCRIPTION
Extent 32 pages :
Other physical details color illustrations ;
Dimensions 24 cm.
505 ## - FORMATTED CONTENTS NOTE
Formatted contents note F
520 ## - SUMMARY, ETC.
Summary, etc. Illustrations and simple text explain three types of clouds, stratus, cumulus, and cirrus.
521 ## - TARGET AUDIENCE NOTE
Target audience note 390 <br/>
Source Lexile
521 ## - TARGET AUDIENCE NOTE
Target audience note F <br/>
Source Raz-Plus
650 #0 - SUBJECT ADDED ENTRY--TOPICAL TERM
Topical term or geographic name entry element Clouds
Form subdivision Juvenile literature.
650 #1 - SUBJECT ADDED ENTRY--TOPICAL TERM
Topical term or geographic name entry element Clouds.
700 1# - ADDED ENTRY--PERSONAL NAME
Personal name Wallace, John,
Dates associated with a name 1966-
Relator term illustrator
906 ## - LOCAL DATA ELEMENT F, LDF (RLIN)
a 7
b cbc
c orignew
d 1
e ecip
f 20
g y-gencatlg
942 ## - ADDED ENTRY ELEMENTS (KOHA)
Source of classification or shelving scheme Dewey Decimal Classification
Koha item type Books
Suppress in OPAC No
999 ## -
-- 1397
-- 1397
Holdings
Withdrawn status Lost status Source of classification or shelving scheme Damaged status Not for loan Collection Home library Current library Shelving location Date acquired Total Checkouts Full call number Barcode Date last seen Date last checked out Price effective from Koha item type
    Dewey Decimal Classification     Juvenile Fiction Footprints International School Library Network Toul Kork Campus Footprints International School Library Network Toul Kork Campus TK Primary Library Room(4th Floor), Bookcase 7, Shelves 57-60, Dark Green Books 08/23/2023 5 BAU Fic QC921.B38 FISTK03645 03/19/2026 03/12/2026 08/23/2023 Books